| 000 | 00693nam a2200229Ia 4500 | ||
|---|---|---|---|
| 001 | 17155 | ||
| 003 | GE_BSU | ||
| 008 | 181216s||||||||xx |||||||||||||| ||und|| | ||
| 040 | _cGE_BSU | ||
| 080 | _a821.353.1-1 | ||
| 100 | _aგრიშაშვილი, ი. (იოსებ) | ||
| 245 | _aმხოლოდ სიყვარული | ||
| 245 | _bლირიკა | ||
| 245 | _cრედ.გრ. ჩიქოვანი | ||
| 260 | _aთბილისი | ||
| 260 | _bსაბჭ. მწერალი | ||
| 260 | _c1958 | ||
| 300 | _a109 გვ. ; 20 სმ. | ||
| 653 | _aლირიკა | ||
| 653 | _aმხოლოდ სიყვარული | ||
| 942 | _cBK | ||
| 999 |
_c50217 _d50217 |
||